[Event "NOR-ch Class3"]
[Site "Larvik"]
[Date "2019.07.12"]
[Round "8"]
[White "Wullum, Robin"]
[Black "Carlin, Tormod"]
[Result "0-1"]
[WhiteElo "1452"]
[BlackElo "1426"]
[PlyCount "83"]
[EventDate "2019.07.05"]
[EventType "swiss"]
[EventRounds "9"]
[EventCountry "NOR"]
[SourceTitle "EXT 2024"]
[Source "ChessBase"]
[SourceDate "2023.10.10"]
[SourceVersion "1"]
[SourceVersionDate "2023.10.10"]
[SourceQuality "1"]

1. Na3 d5 2. c3 Nf6 3. Nf3 Bf5 4. d4 e6 5. Nc2 c5 6. Bf4 Nc6 7. e3 c4 8. b3 b5 9. b4 Bd6 10. Bg3 0-0 11. Be2 Ne4 12. Ne5 Bxe5 13. dxe5 Nxc3 14. Qc1 Nxe2 15. Kxe2 Bd3+ 16. Ke1 Bxc2 17. Qxc2 Nxb4 18. Qc3 Nd3+ 19. Ke2 b4 20. Qd4 Qc7 21. Rhd1 a5 22. f4 Qc5 23. Be1 Qxd4 24. exd4 Nxe1 25. Rxe1 a4 26. Kd2 b3 27. Kc3 g6 28. g4 Kg7 29. h4 h6 30. f5 gxf5 31. gxf5 Rg8 32. Rg1+ Kh7 33. fxe6 fxe6 34. axb3 axb3 35. Rxg8 Rxg8 36. Ra6 Re8 37. h5 Re7 38. Ra8 Kg7 39. Rb8 Ra7 40. Re8 Rb7 41. Kb2 c3+ 42. Kxc3 0-1